| 000 | 00679nam a2200229 a 4500 | ||
|---|---|---|---|
| 001 | 65804 | ||
| 003 | BD-RjUL | ||
| 005 | 20211209081451.0 | ||
| 008 | 170312s2001 njua b 001 0 eng d | ||
| 020 | _a0130337757 | ||
| 035 | _a(BD-RjUL)65934 | ||
| 040 |
_aBD-RjUL _cBD-RjUL _dBD-RjUL _beng |
||
| 041 | _aeng | ||
| 082 | 0 | 0 |
_a577.6 _223 _bKAL 2002 |
| 100 | 1 |
_aKalff, Jacob. _9194591 |
|
| 245 | 1 | 0 |
_aLimnology : _binland water ecosystems / _cJacob Kalff. |
| 260 |
_aUpper Saddle River, NJ : _bPrentice Hall, _cc2002. |
||
| 300 |
_axii, 592 p. : _bill. ; _c27 cm. |
||
| 504 | _aIncludes bibliographical references (p. 539-572). | ||
| 650 | 0 |
_aLimnology. _9179713 |
|
| 942 |
_2ddc _cBK |
||
| 999 |
_c65804 _d65804 |
||